Roles and actors in risk governance /

Bibliographic Details
Other Authors: Hiebl, Martin, (Editor)
Format: eBook
Language:English
Published: [Place of publication not identified] : Emerald Publishing Limited, 2018.
Subjects:
Online Access:Click to View
LEADER 01280nam a2200337 i 4500
001 EBC5645887
003 MiAaPQ
005 20200520144314.0
006 m o d |
007 cr cnu||||||||
008 190215s2018 xx o 000 0 eng d
020 |a 9781789736069 (e-book) 
035 |a (MiAaPQ)EBC5645887 
035 |a (Au-PeEL)EBL5645887 
035 |a (OCoLC)1084411547 
040 |a MiAaPQ  |b eng  |e rda  |e pn  |c MiAaPQ  |d MiAaPQ 
050 4 |a PN2205  |b .R654 2018 
082 0 |a 927.92  |2 23 
245 0 0 |a Roles and actors in risk governance /  |c Martin Hiebl, [and four others], editors. 
264 1 |a [Place of publication not identified] :  |b Emerald Publishing Limited,  |c 2018. 
300 |a 1 online resource (97 pages) 
336 |a text  |b txt  |2 rdacontent 
337 |a computer  |b c  |2 rdamedia 
338 |a online resource  |b cr  |2 rdacarrier 
588 |a Description based on print version record. 
590 |a Electronic reproduction. Ann Arbor, MI : ProQuest, 2018. Available via World Wide Web. Access may be limited to ProQuest affiliated libraries. 
650 0 |a Actors. 
655 4 |a Electronic books. 
700 1 |a Hiebl, Martin,  |e editor. 
797 2 |a ProQuest (Firm) 
856 4 0 |u https://ebookcentral.proquest.com/lib/matrademy/detail.action?docID=5645887  |z Click to View